Practical bifurcation and stability analysis : from equilibrium to chaos /

Guardado en:
Autor Principal: Seydel, R. 1947-
Formato: Libro
Idioma:English
Publicado: New York : Springer-Verlag, c1994.
Edición:2nd ed.
Series:Interdisciplinary applied mathematics ; v. 5
Materias:
Acceso en línea:Publisher description
Etiquetas: Agregar Etiqueta
Sin Etiquetas, Sea el primero en etiquetar este registro!
LEADER 01492cam a2200301 a 4500
001 MAT.inmabb006460
008 940420s1994####nyua#####b####001#0#eng##
005 20130314143015.0
245 1 0 |a Practical bifurcation and stability analysis :  |b from equilibrium to chaos /  |c Rüdiger Seydel. 
250 |a 2nd ed. 
260 |a New York :  |b Springer-Verlag,  |c c1994. 
300 |a xv, 407 p. :  |b il. ;  |c 25 cm. 
440 0 |a Interdisciplinary applied mathematics ;  |v v. 5 
500 |a Rev. ed. of: From equilibrium to chaos. c1988. 
504 |a Incluye referencias bibliográficas (p. [373]-393) e índice. 
505 0 |a 1. Introduction and Prerequisites -- 2. Basic Nonlinear Phenomena -- 3. Practical Problems -- 4. Principles of Continuation -- 5. Calculation of the Branching Behavior of Nonlinear Equations -- 6. Calculating Branching Behavior of Boundary-Value Problems -- 7. Stability of Periodic Solutions -- 8. Qualitative Instruments -- 9. Chaos 
510 4 |a MR,  |c 96f:58117 
020 |a 0387943161 (New York) 
020 |a 3540943161 (Berlin) 
100 1 |a Seydel, R.  |q (Rüdiger),  |d 1947- 
700 1 |a Seydel, R.  |q (Rüdiger),  |d 1947-  |t From equilibrium to chaos. 
650 0 |a Bifurcation theory. 
650 0 |a Stability. 
084 |a 37Gxx (34-01 34A45 34C23 34D20 65L07 65P30)  |2 msc2000 
010 |a  94018005  
040 |a DLC  |c DLC  |d DLC 
856 4 2 |3 Publisher description  |u http://www.loc.gov/catdir/enhancements/fy0815/94018005-d.html 
859 |h 37  |i Se519  |p A-8662  |b BIB. MATEMATICA